Fundamentals of business law / (Record no. 617065)

000 -LEADER
fixed length control field 00416nam a22001457a 4500
020 ## - INTERNATIONAL STANDARD BOOK NUMBER
Qualifying information PB.
040 ## - CATALOGING SOURCE
Transcribing agency FIZZA ISHAQ
082 ## - DEWEY DECIMAL CLASSIFICATION NUMBER
Classification number 346.7307
Author Mark MIL
100 ## - MAIN ENTRY--PERSONAL NAME
Personal name Miller , Roger LeRoy.
9 (RLIN) 134123
245 ## - TITLE STATEMENT
Title Fundamentals of business law /
Statement of responsibility, etc. Roger LeRoy Miller.
250 ## - EDITION STATEMENT
Edition statement 6th ED.
260 ## - PUBLICATION, DISTRIBUTION, ETC.
Place of publication, distribution, etc. Canada:
Name of publisher, distributor, etc. THOMSON South-Western,
Date of publication, distribution, etc. 2005.
300 ## - PHYSICAL DESCRIPTION
Extent iii-xvii, 800 p. ; G-I ,I-26
Dimensions 10 x 8.5 inches,
942 ## - ADDED ENTRY ELEMENTS (KOHA)
Source of classification or shelving scheme
Koha item type Book
Holdings
Withdrawn status Lost status Source of classification or shelving scheme Damaged status Not for loan Permanent Location Current Location Date acquired Total Checkouts Full call number Barcode Date last seen Price effective from Koha item type
          NUST Baluchistan Campus (NBC) NUST Baluchistan Campus (NBC) 04/15/2026   346.7307 MIL QD- 271 04/15/2026 04/15/2026 Book
© 2023 Central Library, National University of Sciences and Technology. All Rights Reserved.